Library of the University of Algiers 3
Ibrahim Sultan Cheibout
شعار جامعة الجزائر 3
مكتبة جامعة الجزائر 3
إبراهيم سلطان شيبوط

الحماية الجزائية للعملات التجارية : (رقم التسجيلة. 44591)

تفاصيل مارك
000 -LEADER
fixed length control field 01747nam a2200241Ia 4500
003 - CONTROL NUMBER IDENTIFIER
control field Ost
005 - DATE AND TIME OF LATEST TRANSACTION
control field 20260507075447.0
008 - FIXED-LENGTH DATA ELEMENTS--GENERAL INFORMATION
fixed length control field 260507s9999||||xx |||||||||||||| ||und||
020 ## - INTERNATIONAL STANDARD BOOK NUMBER
International Standard Book Number 75457049779
040 ## - CATALOGING SOURCE
Transcribing agency fsecg
041 ## - LANGUAGE CODE
Language code of text/sound track or separate title ara
082 ## - DEWEY DECIMAL CLASSIFICATION NUMBER
Classification number 352.749
100 ## - MAIN ENTRY--PERSONAL NAME
Personal name السلامات، ناصر عبد الحليم
Relator term مؤلف
245 #0 - TITLE STATEMENT
Title الحماية الجزائية للعملات التجارية :
Remainder of title دراسة تحليلية مقارنة وفقا لاحدث التشريعات العربية والاجنبية /
Statement of responsibility, etc. ناصر عبد الحليم السلامات
260 ## - PUBLICATION, DISTRIBUTION, ETC.
Place of publication, distribution, etc. القاهرة:
Name of publisher, distributor, etc. دار النهضة العربية,
Date of publication, distribution, etc. 2008
300 ## - PHYSICAL DESCRIPTION
Extent 512 صفحة؛
Other physical details إيضاحات ؛
Dimensions 24 سم
520 ## - SUMMARY, ETC.
Summary, etc. يتناول الكتاب في محتواه مايلي مقدمة ،ماهية العلامة التجارية ، موضع العلامة التجارية من الحماية القانونية ، تحديد العلامة التجارية في محل الحماية القانونية ، دور التشريع العقابي في حماية العلامة التجارية ، عناصر النموذج القانوني لجريمة التعدي على العلامة التجارية نماذج الجرائم الواقعة على العلامة التجارية ، ضوابط المسؤولية الجزائية في جرائم التعدي على العلامة التجارية القواعد الاجرائية الخاصة بالدعوة الناشئة عن جرائم التعدي على العلامة التجارية .
653 ## - INDEX TERM--UNCONTROLLED
Uncontrolled term تشريعات اجنبية
653 ## - INDEX TERM--UNCONTROLLED
Uncontrolled term تشريعات عربية
653 ## - INDEX TERM--UNCONTROLLED
Uncontrolled term حماية جزائية
653 ## - INDEX TERM--UNCONTROLLED
Uncontrolled term علامات تجارية
942 ## - ADDED ENTRY ELEMENTS (KOHA)
Koha item type كتب
المقتنيات
Withdrawn status Lost status Source of classification or shelving scheme Damaged status Not for loan Home library Current library Date acquired Serial enumeration / chronology Inventory number Total checkouts Full call number Barcode Date last seen Price effective from Koha item type
    Dewey Decimal Classification   NOT LOAN / إعارة داخلية مكتبة كلية العلوم الإقتصادية والعلوم التجارية وعلوم التسيير مكتبة كلية العلوم الإقتصادية والعلوم التجارية وعلوم التسيير 07/05/2026 الطابق الأرضي 3883   أ/2824ن1 3883 07/05/2026 07/05/2026 كتب
    Dewey Decimal Classification   Available مكتبة كلية العلوم الإقتصادية والعلوم التجارية وعلوم التسيير مكتبة كلية العلوم الإقتصادية والعلوم التجارية وعلوم التسيير 07/05/2026 الطابق الأرضي 3887   أ/2824ن2 3887 07/05/2026 07/05/2026 كتب
    Dewey Decimal Classification   Available مكتبة كلية العلوم الإقتصادية والعلوم التجارية وعلوم التسيير مكتبة كلية العلوم الإقتصادية والعلوم التجارية وعلوم التسيير 07/05/2026 الطابق الأرضي 3888   أ/2824ن3 3888 07/05/2026 07/05/2026 كتب
    Dewey Decimal Classification   Available مكتبة كلية العلوم الإقتصادية والعلوم التجارية وعلوم التسيير مكتبة كلية العلوم الإقتصادية والعلوم التجارية وعلوم التسيير 07/05/2026 الطابق الثاني 3889   أ/2824ن4 3889 07/05/2026 07/05/2026 كتب
    Dewey Decimal Classification   Available مكتبة كلية العلوم الإقتصادية والعلوم التجارية وعلوم التسيير مكتبة كلية العلوم الإقتصادية والعلوم التجارية وعلوم التسيير 07/05/2026 الطابق الثاني 3890   أ/2824ن5 3890 07/05/2026 07/05/2026 كتب

موارد الويب المفتوحة


© University of Algiers 3 All Rights Reserved
|
Implemented by LECHELAH Riad